[Event "Aeroflot Open B 2017"]
[Site "Moscow RUS"]
[Date "2017.02.21"]
[Round "1.1"]
[White "Demidov, Mikhail"]
[Black "Tunik, Gennady"]
[Result "0-1"]
[WhiteTitle "IM"]
[BlackTitle "GM"]
[WhiteElo "2534"]
[BlackElo "2395"]
[WhiteFideId "4197143"]
[BlackFideId "4101219"]
[EventDate "2017.02.21"]

1. Nf3 Nf6 2. g3 d5 3. Bg2 c6 4. O-O Bg4 5. d4 e6 6. Nbd2 Be7 7. Re1 O-O 8. e4
dxe4 9. Nxe4 Nxe4 10. Rxe4 Bxf3 11. Bxf3 Nd7 12. c3 Bg5 13. Bxg5 Qxg5 14. Qb3
Nb6 15. a4 Rab8 16. a5 Nd5 17. Re5 Qd8 18. Bg2 b5 19. axb6 Qxb6 20. Qxb6 axb6
21. c4 Nb4 22. Ra4 c5 23. Be4 f5 24. Bf3 Rfe8 25. b3 Rbd8 26. dxc5 Nd3 27. Re3
bxc5 28. Ra7 Nb4 29. Rc7 Nc2 30. Rc3 Rd2 31. Rxc5 Kf7 32. Ra5 Nd4 33. b4 Rc8 34.
c5 Rb2 35. Ra4 g5 36. Kg2 g4 37. Bb7 Rf8 38. Rd3 e5 39. Ba6 Rb1 40. Bc4+ Kf6 41.
Ra6+ Kg5 42. c6 Rxb4 43. Rc3 Rc8 44. Ba2 Rc7 45. h3 h5 46. Bd5 e4 47. Ra8 Rb1
48. Rca3 Nc2 49. Rb3 Rd1 50. h4+ Kf6 51. Rb7 Ne1+ 52. Kf1 Nf3+ 0-1

[Event "Aeroflot Open B 2017"]
[Site "Moscow RUS"]
[Date "2017.02.21"]
[Round "1.3"]
[White "Sivuk, Vitaly"]
[Black "Shuvalova, Polina"]
[Result "1/2-1/2"]
[WhiteTitle "GM"]
[BlackTitle "WIM"]
[WhiteElo "2520"]
[BlackElo "2387"]
[WhiteFideId "14116502"]
[BlackFideId "24171760"]
[EventDate "2017.02.21"]

1. e4 e5 2. Nf3 Nc6 3. Bc4 Bc5 4. O-O Nf6 5. d3 d6 6. a4 a6 7. c3 Ba7 8. Nbd2
O-O 9. Re1 h6 10. Nf1 Be6 11. Ng3 Bxc4 12. dxc4 Qd7 13. h3 Kh7 14. a5 Nd8 15.
Qc2 Ne6 16. Nf5 Rad8 17. b3 Rfe8 18. Nh2 Ng8 19. Ng4 h5 20. Nh2 g6 21. Ng3 Qe7
22. Nf3 c6 23. Be3 Bxe3 24. Rxe3 Qf6 25. Rd1 Ne7 26. b4 Nf4 27. h4 Kg7 28. Ne2
Nc8 29. g3 Nxe2+ 30. Qxe2 Qe6 31. Kg2 f6 32. Qa2 Rd7 33. Ne1 Red8 34. Red3 Qg4
35. f3 Qe6 36. Nc2 f5 37. Ne3 f4 38. gxf4 exf4 39. Nc2 Qf6 40. Rh1 Ne7 41. Nd4
d5 42. exd5 cxd5 43. c5 Nf5 44. Nxf5+ Qxf5 45. Rhd1 Re7 46. Rxd5 Rxd5 47. Qxd5
Qc2+ 48. Rd2 Re2+ 49. Rxe2 Qxe2+ 50. Kg1 Qe1+ 51. Kg2 Qe2+ 52. Kg1 Qe1+ 1/2-1/2

[Event "Aeroflot Open B 2017"]
[Site "Moscow RUS"]
[Date "2017.02.21"]
[Round "1.4"]
[White "Nihal, Sarin"]
[Black "Sviridov, Valery"]
[Result "1/2-1/2"]
[WhiteTitle "FM"]
[WhiteElo "2386"]
[BlackElo "2515"]
[WhiteFideId "25092340"]
[BlackFideId "4120680"]
[EventDate "2017.02.21"]

1. d4 Nf6 2. c4 g6 3. Nc3 d5 4. Bg5 Bg7 5. Bxf6 Bxf6 6. cxd5 c5 7. dxc5 Na6 8.
Qa4+ Kf8 9. Qa3 b5 10. Ne4 Qxd5 11. Nxf6 exf6 12. Rd1 Qxc5 13. Qxc5+ Nxc5 14.
Rc1 Nd7 15. b3 Nb6 16. Nf3 Bd7 17. Nd4 Ke7 18. g3 Rac8 19. Rxc8 Rxc8 20. Bg2 Kd6
21. Kd2 b4 22. e3 Rc5 23. Ra1 Ra5 24. Kc2 Rh5 25. h4 Rc5+ 26. Kb2 Nd5 27. Bxd5
Rxd5 28. a3 bxa3+ 29. Rxa3 a5 30. Ra1 h5 31. Kc3 Rc5+ 32. Kd2 Rd5 33. Kc3 Rc5+
34. Kd2 Rd5 35. Kc3 Rc5+ 36. Kd2 1/2-1/2

[Event "Aeroflot Open B 2017"]
[Site "Moscow RUS"]
[Date "2017.02.21"]
[Round "1.5"]
[White "Hayrapetyan, Hovik"]
[Black "Bakunts, Rafael"]
[Result "1/2-1/2"]
[WhiteTitle "GM"]
[WhiteElo "2514"]
[BlackElo "2386"]
[WhiteFideId "13302639"]
[BlackFideId "13304097"]
[EventDate "2017.02.21"]

1. d4 d5 2. c4 c6 3. Nf3 Nf6 4. e3 e6 5. Nc3 Nbd7 6. b3 Bd6 7. Bb2 O-O 8. Be2 b6
9. O-O Bb7 10. Qc2 Qe7 11. cxd5 exd5 12. a3 a5 13. Bd3 Rfe8 14. Nd2 Nf8 15. Rfe1
Qc7 16. Nf1 Rad8 17. f3 Ne6 18. Qf2 g6 19. Kh1 Bf8 20. Rad1 Bg7 21. Na4 c5 22.
Rc1 Bc6 23. dxc5 Bxa4 24. Bxf6 Bxf6 25. cxb6 Qxb6 26. bxa4 Qb2 27. Qxb2 Bxb2 28.
Rc2 Bxa3 29. Rd1 Rc8 30. Rxc8 Rxc8 31. Bb5 Rc5 32. Ng3 Rc3 33. e4 dxe4 34. Nxe4 1/2-1/2

[Event "Aeroflot Open B 2017"]
[Site "Moscow RUS"]
[Date "2017.02.21"]
[Round "1.6"]
[White "Arabidze, Meri"]
[Black "Moiseenko, Vadim"]
[Result "1/2-1/2"]
[WhiteTitle "IM"]
[BlackTitle "IM"]
[WhiteElo "2383"]
[BlackElo "2508"]
[WhiteFideId "13604040"]
[BlackFideId "4123700"]
[EventDate "2017.02.21"]

1. d4 e6 2. c4 b6 3. a3 Bb7 4. Nc3 f5 5. d5 Nf6 6. g3 a5 7. Bg2 Na6 8. Rb1 Bd6
9. Nf3 Nc5 10. O-O exd5 11. Nd4 g6 12. cxd5 Qe7 13. Ndb5 Be5 14. d6 Bxd6 15.
Nxd6+ Qxd6 16. Qxd6 cxd6 17. Bxb7 Nxb7 18. b4 Kf7 19. Be3 Rhc8 20. Na4 Nd5 21.
Nxb6 Nxb6 22. Bxb6 Rc6 23. Bd4 a4 24. e3 Rac8 25. b5 Rc4 26. b6 Ke6 27. Rb5 d5
28. Kg2 Rc2 29. Rb4 R8c4 30. Rfb1 Kd6 31. h4 Kc6 32. Rxc4+ Rxc4 33. Kf3 Rc2 34.
Rb4 Rc4 35. Rb2 Na5 36. Kf4 Nb3 37. Kg5 Kb7 38. Bg7 d4 39. exd4 Nxd4 40. Kh6 Ne6
41. Kxh7 Nxg7 42. Kxg7 f4 43. g4 f3 44. g5 Rxh4 45. Rd2 Kxb6 46. Rxd7 Rh2 47.
Rd4 Kc5 48. Rxa4 Kd5 49. Kxg6 Ke5 50. Ra8 Rxf2 51. Kg7 Rg2 52. g6 Rg5 53. Ra5+
Ke6 54. Ra6+ Ke5 55. Rf6 Rf5 56. Rxf5+ Kxf5 57. Kf7 f2 58. g7 f1=Q 59. g8=Q Qc4+
60. Kg7 Qd4+ 61. Kf8 Qd8+ 62. Kf7 Qd7+ 63. Kf8 Qd8+ 64. Kf7 1/2-1/2

[Event "Aeroflot Open B 2017"]
[Site "Moscow RUS"]
[Date "2017.02.21"]
[Round "1.8"]
[White "Abhishek, Kelkar"]
[Black "Konovalov, Nikolay"]
[Result "1/2-1/2"]
[WhiteTitle "IM"]
[BlackTitle "GM"]
[WhiteElo "2381"]
[BlackElo "2501"]
[WhiteFideId "5019257"]
[BlackFideId "4170962"]
[EventDate "2017.02.21"]

1. d4 Nf6 2. Nf3 c5 3. d5 g6 4. Nc3 Bg7 5. e4 d6 6. Bc4 Bg4 7. h3 Bxf3 8. Qxf3
Nfd7 9. Qd1 Na6 10. O-O O-O 11. Re1 Nc7 12. a4 b6 13. Bd2 a6 14. Rb1 Rb8 15. Bf1
b5 16. axb5 axb5 17. b4 c4 18. g3 f5 19. exf5 Rxf5 20. Bg2 Bd4 21. Ne4 Rxd5 22.
Qg4 Rf5 23. Rbd1 Be5 24. Bg5 Nf6 25. Qh4 Nxe4 26. Bxe4 Rf7 27. Qg4 e6 28. Re2
Bc3 29. Bf4 Bxb4 30. h4 e5 31. Be3 Qc8 32. Qxc8+ Rxc8 33. Rb1 Bc3 34. Bc6 Kg7
35. Rd1 d5 36. Bd2 Bxd2 37. Rdxd2 Kf6 38. Bxd5 Rd7 39. Bc6 Rxd2 40. Rxd2 Ne6 41.
Rd6 Rd8 42. Rxd8 Nxd8 43. Bxb5 c3 44. f3 e4 45. f4 Ne6 46. Kf2 Nd4 47. Ba4 Ke6
48. Ke3 Kd5 49. g4 h5 50. gxh5 gxh5 51. Kf2 Nf5 52. Be8 e3+ 53. Kf3 Kd4 54. Bxh5
Nxh4+ 55. Kg3 Nf5+ 56. Kf3 Kc4 57. Bg4 Nd4+ 58. Kxe3 Nxc2+ 59. Ke4 Nd4 1/2-1/2

[Event "Aeroflot Open B 2017"]
[Site "Moscow RUS"]
[Date "2017.02.21"]
[Round "1.9"]
[White "Triapishko, Alexandr"]
[Black "Ovod, Evgenija"]
[Result "1/2-1/2"]
[BlackTitle "IM"]
[WhiteElo "2500"]
[BlackElo "2380"]
[WhiteFideId "14122286"]
[BlackFideId "4131827"]
[EventDate "2017.02.21"]

1. e4 e5 2. Nf3 Nc6 3. Nc3 Nf6 4. Bb5 Bb4 5. O-O O-O 6. d3 Bxc3 7. bxc3 d6 8.
Bg5 Bd7 9. Rb1 h6 10. Bh4 a6 11. Ba4 Rb8 12. Bb3 Na5 13. d4 Nxb3 14. cxb3 g5 15.
Nxg5 Nxe4 16. Nf3 Ng5 17. Bxg5 hxg5 18. dxe5 g4 19. Nd2 Bf5 20. Rc1 dxe5 21. f3
gxf3 22. Qxf3 Bg6 23. Ne4 f5 24. Qg3 Qe8 25. Nc5 Rf6 26. Rce1 f4 27. Qg4 Rd8 28.
Nxb7 Rd2 29. Nc5 Kf7 30. Rd1 Bf5 31. Qf3 Rxa2 32. Rf2 Rxf2 33. Qxf2 Qc6 34. b4
Rg6 35. Re1 Qd5 36. g3 Kg7 37. Qg2 Qd6 38. Qe2 e4 39. Nxe4 Bxe4 40. Qxe4 fxg3
41. h3 Qb6+ 42. Re3 g2 43. h4 Kg8 44. Qe5 Kh7 45. Qe4 Kg8 46. Qd5+ Kg7 47. Qe4 1/2-1/2

[Event "Aeroflot Open B 2017"]
[Site "Moscow RUS"]
[Date "2017.02.21"]
[Round "1.13"]
[White "Atabayev, Maksat"]
[Black "Alikulov, Elbek"]
[Result "1-0"]
[WhiteTitle "GM"]
[BlackTitle "IM"]
[WhiteElo "2492"]
[BlackElo "2371"]
[WhiteFideId "14001101"]
[BlackFideId "14203308"]
[EventDate "2017.02.21"]

1. e4 c5 2. Nf3 d6 3. d4 cxd4 4. Nxd4 Nf6 5. Nc3 a6 6. h3 Nc6 7. g4 Nxd4 8. Qxd4
e5 9. Qd3 Be6 10. Bg2 Rc8 11. Be3 Be7 12. g5 Nd7 13. h4 Qa5 14. Bd2 Qc5 15. Bh3
Rc6 16. O-O-O Nb6 17. Be3 Qa5 18. Bxb6 Qxb6 19. Qg3 Qc7 20. g6 Bf6 21. gxh7 b5
22. Kb1 b4 23. Ne2 Bc4 24. Nc1 Rxh7 25. h5 Ke7 26. Qf3 a5 27. Ne2 Rh6 28. Ng3
Be6 29. Qd3 Qb6 30. Bxe6 fxe6 31. Qe2 a4 32. Nf1 Qc5 33. Rh3 Rh8 34. Ne3 Bg5 35.
Rg1 Bh6 36. Rhg3 b3 37. axb3 axb3 38. cxb3 Rf8 39. Rf3 Rf4 40. Nc4 Qd4 41. Rxf4
exf4 42. Rd1 Qc5 43. Kc2 Bg5 44. Qf3 Bf6 45. Qxf4 Qxh5 46. Qe3 Qb5 47. Qd3 Qe5
48. Kd2 Qh5 49. Ra1 d5 50. exd5 exd5 51. Ne3 Ke6 52. Ra6 Rxa6 53. Qxa6+ Ke5 54.
Qb5 Qf3 55. Qb8+ Ke4 56. Qb4+ Bd4 57. Qe7+ Be5 58. Qh4+ Qf4 59. Qh7+ Kd4 60.
Qd3+ Kc5 61. Qxd5+ Kb4 62. Ke2 Bxb2 63. Nc2+ Kc3 64. Qd3# 1-0

[Event "Aeroflot Open B 2017"]
[Site "Moscow RUS"]
[Date "2017.02.21"]
[Round "1.14"]
[White "Yeletsky, Ivan"]
[Black "Evdokimov, Alexander A."]
[Result "0-1"]
[WhiteTitle "FM"]
[BlackTitle "GM"]
[WhiteElo "2369"]
[BlackElo "2492"]
[WhiteFideId "24180327"]
[BlackFideId "4139275"]
[EventDate "2017.02.21"]

1. d4 Nf6 2. c4 e6 3. Nf3 b6 4. a3 Ba6 5. Qc2 c5 6. d5 exd5 7. cxd5 g6 8. Bg5
Bg7 9. Nc3 O-O 10. d6 h6 11. Bh4 Re8 12. Nd5 g5 13. Ne7+ Rxe7 14. dxe7 Qxe7 15.
Bg3 Nc6 16. e3 Bxf1 17. Kxf1 d5 18. Qf5 Re8 19. Re1 b5 20. Kg1 Qe4 21. Qxe4 dxe4
22. Nd2 Rd8 23. Nb3 c4 24. Nd4 Nxd4 25. exd4 Rxd4 26. Be5 Rd5 27. Bc3 Nd7 28. h4
Nc5 29. hxg5 hxg5 30. Rh5 Bxc3 31. bxc3 Kg7 32. Re3 a6 33. Kh2 Rf5 34. g4 Rd5
35. Reh3 Ne6 36. Rh8 Rd2 37. R3h7+ Kf6 38. Kg1 Rd1+ 39. Kg2 Rd2 40. Kg1 Rd1+ 41.
Kh2 Rd3 42. Ra8 Rf3 43. Kg1 Rf4 44. Rxa6 Rxg4+ 45. Kf1 Rf4 46. Rh3 Rf5 47. Re3
Ke5 48. Ra5 Kf4 49. Re1 g4 50. Rb1 Nc7 51. Kg2 Rd5 52. Ra7 Rc5 53. Ra5 Rc6 54.
Rd1 f5 55. Rd8 Rb6 56. Rd7 Ne8 57. Re7 Nf6 58. Ra8 Nd5 59. Rf7 Re6 60. Ra5 Nxc3
61. a4 Re5 62. axb5 Nxb5 63. Rd7 c3 64. Rd1 c2 65. Rc1 Nd4 66. Ra4 Rd5 67. Kf1
Nf3 68. Raa1 Rd2 69. Kg2 g3 70. Rf1 gxf2 71. Rxf2 e3 72. Kh1 exf2 0-1

[Event "Aeroflot Open B 2017"]
[Site "Moscow RUS"]
[Date "2017.02.21"]
[Round "1.15"]
[White "Nikolenko, Oleg"]
[Black "Ofitserian, Boris"]
[Result "1/2-1/2"]
[WhiteTitle "GM"]
[BlackTitle "FM"]
[WhiteElo "2490"]
[BlackElo "2365"]
[WhiteFideId "4101880"]
[BlackFideId "24199443"]
[EventDate "2017.02.21"]

1. e4 c5 2. Nf3 d6 3. c3 Nf6 4. Be2 Bd7 5. d3 Nc6 6. O-O g6 7. Re1 Bg7 8. Bf1
O-O 9. d4 cxd4 10. cxd4 Bg4 11. Nc3 Bxf3 12. gxf3 e5 13. dxe5 dxe5 14. Be3 Nd4
15. f4 Nh5 16. Bxd4 exd4 17. Nd5 Qh4 18. Qf3 Bh6 19. f5 Bf4 20. h3 Qg5+ 21. Kh1
Be5 22. Bc4 Kh8 23. Rg1 Qd8 24. Rad1 Rc8 25. Bb3 Nf6 26. Nb4 Qd6 27. Nd3 Nd7 28.
Qg4 Nc5 29. Nxc5 Rxc5 30. Rgf1 Bf4 31. fxg6 fxg6 32. Qe6 Qxe6 33. Bxe6 Be5 34.
f4 Rxf4 35. Rxf4 Bxf4 36. Rxd4 Be5 37. Rd7 Rc7 38. Rxc7 Bxc7 1/2-1/2

[Event "Aeroflot Open B 2017"]
[Site "Moscow RUS"]
[Date "2017.02.21"]
[Round "1.17"]
[White "Deviatkin, Andrei"]
[Black "Vokhidov, Shamsiddin"]
[Result "0-1"]
[WhiteTitle "GM"]
[BlackTitle "IM"]
[WhiteElo "2485"]
[BlackElo "2355"]
[WhiteFideId "4121260"]
[BlackFideId "14204223"]
[EventDate "2017.02.21"]

1. e4 c5 2. Nf3 e6 3. g3 Nc6 4. Bg2 d5 5. exd5 exd5 6. O-O Nf6 7. d4 Be7 8. dxc5
Bxc5 9. Re1+ Be6 10. Nbd2 Ng4 11. Re2 Qb6 12. Qf1 O-O 13. Nb3 Bd6 14. h3 Nge5
15. Nxe5 Bxe5 16. Kh2 Bf6 17. Bf4 Bxb2 18. Rb1 Ba3 19. Qd1 Rad8 20. Rd2 Bb4 21.
Nd4 Qc5 22. Be3 Qe7 23. Re2 Bc3 24. Qd3 Bxd4 25. Bxd4 Nxd4 26. Qxd4 b6 27. Rd1
Qc7 28. c3 Qc4 29. Qe3 Rc8 30. Rd3 Rc5 31. Qd2 Rd8 32. Ree3 Ra5 33. Re2 Rxa2 34.
Qxa2 Qxd3 35. Re3 d4 36. Rxd3 Bxa2 37. cxd4 Bc4 38. Ra3 a5 39. Bc6 Kf8 40. Ra4
Bd5 41. Bxd5 Rxd5 42. Kg2 Rd8 43. Kf3 Ra8 44. Ra1 b5 45. Rb1 a4 46. Rxb5 a3 47.
Rb1 a2 48. Ra1 Ke7 49. Ke4 Kd6 50. Kd3 Kd5 51. Kc3 Ra7 52. h4 h5 53. Kb2 Kxd4
54. Rd1+ Ke4 55. Ka1 Kf3 56. Rd2 g6 57. Rc2 Re7 58. Rc4 Re4 59. Rc7 Kxf2 60.
Rxf7+ Kxg3 61. Kxa2 Rxh4 62. Kb3 Rg4 63. Kc3 h4 64. Kd3 h3 65. Ke2 h2 0-1

[Event "Aeroflot Open B 2017"]
[Site "Moscow RUS"]
[Date "2017.02.21"]
[Round "1.18"]
[White "Lan, Zilun"]
[Black "Tsydypov, Zhamsaran"]
[Result "1/2-1/2"]
[BlackTitle "IM"]
[WhiteElo "2350"]
[BlackElo "2485"]
[WhiteFideId "8604193"]
[BlackFideId "4108566"]
[EventDate "2017.02.21"]

1. d4 g6 2. e4 Bg7 3. Nc3 c5 4. Nf3 cxd4 5. Nxd4 Nc6 6. Be3 Nf6 7. Be2 O-O 8.
O-O d6 9. f3 Bd7 10. Nd5 Nxd5 11. exd5 Nb4 12. c4 a5 13. Qd2 Na6 14. Rad1 a4 15.
Rfe1 Nc5 16. Bf1 Qb6 17. Kh1 Rfe8 18. Bg5 e5 19. dxe6 Nxe6 20. Be3 Nxd4 21. Bxd4
Bxd4 22. Rxe8+ Rxe8 23. Qxd4 Qxd4 24. Rxd4 Re1 25. Kg1 Be6 26. Kf2 Rc1 27. Rxd6
Rc2+ 28. Ke1 Rxb2 29. Rd2 Rb4 30. Bd3 Kf8 31. Rc2 Ke7 32. Kd2 Kd6 33. Kc3 Rb1
34. Rd2 Rh1 35. Kb4 Ke5 36. g3 Kd4 37. Bxg6+ Ke3 38. Rd3+ Ke2 39. Bxh7 Rxh2 40.
Be4 f5 41. Kc3 fxe4 42. Rd2+ Ke1 43. Rxh2 exf3 44. Rh4 f2 45. Re4+ 1/2-1/2

[Event "Aeroflot Open B 2017"]
[Site "Moscow RUS"]
[Date "2017.02.21"]
[Round "1.19"]
[White "Ivanov, Oleg V UKR"]
[Black "Gurvich, Vitaly"]
[Result "1/2-1/2"]
[WhiteTitle "IM"]
[BlackTitle "FM"]
[WhiteElo "2482"]
[BlackElo "2342"]
[WhiteFideId "14110709"]
[BlackFideId "24164852"]
[EventDate "2017.02.21"]

1. e4 c5 2. Nc3 d6 3. Nge2 Nf6 4. d4 cxd4 5. Nxd4 a6 6. a3 e5 7. Nf5 d5 8. Bg5
d4 9. Bxf6 gxf6 10. Nb1 Be6 11. Nd2 Nc6 12. Bd3 Qd7 13. O-O O-O-O 14. b4 Ne7 15.
Qf3 Nxf5 16. exf5 Bd5 17. Ne4 Be7 18. Rfb1 Kb8 19. a4 Rc8 20. a5 Bc6 21. Rb2 Qd5
22. Rab1 Ka8 23. b5 axb5 24. Rxb5 Bxb5 25. Rxb5 Qc6 26. Rb6 Qc7 27. Nxf6 Bxf6
28. Rxf6 Ka7 29. a6 b6 30. Qd5 Rhf8 31. g3 Qe7 32. Qb5 Qc5 33. Qb3 Rc7 34. Be4
b5 35. Kg2 Qc4 36. Qa3 Qc5 37. Qb3 Qc4 38. Qa3 Qc5 39. Qa2 Qc4 40. Qa5 Qc5 41.
h4 b4 42. Qa4 Qe7 43. Qa5 Qc5 44. Qa4 Qe7 45. Qa5 1/2-1/2

[Event "Aeroflot Open B 2017"]
[Site "Moscow RUS"]
[Date "2017.02.21"]
[Round "1.22"]
[White "Chen, Qi b"]
[Black "Shtembuliak, Evgeny"]
[Result "1/2-1/2"]
[BlackTitle "IM"]
[WhiteElo "2328"]
[BlackElo "2477"]
[WhiteFideId "8614733"]
[BlackFideId "14113325"]
[EventDate "2017.02.21"]

1. e4 e6 2. d4 d5 3. Nd2 h6 4. Ngf3 Nf6 5. Bd3 c5 6. exd5 exd5 7. dxc5 Bxc5 8.
Nb3 Be7 9. h3 Nc6 10. O-O O-O 11. Re1 Bd6 12. c3 Re8 13. Rxe8+ Qxe8 14. Be3 Ne5
15. Bd4 Nxd3 16. Qxd3 Ne4 17. Re1 Be6 18. Nfd2 Ng5 19. Nf3 Ne4 20. Nfd2 Ng5 21.
Nf3 Nxf3+ 22. Qxf3 b6 23. Be5 Bxe5 24. Rxe5 Qa4 25. Nd4 Qxa2 26. Nxe6 fxe6 27.
Rxe6 Rf8 28. Qe2 Qb1+ 29. Kh2 Qf5 30. f3 Qf4+ 31. Kg1 d4 32. cxd4 Qxd4+ 33. Kh1
Rc8 34. Re4 Qd6 35. f4 a5 36. Qe3 Rf8 37. Re6 Qxf4 38. Qxf4 Rxf4 39. Rxb6 Kf7
40. Ra6 a4 41. Rb6 Rf1+ 42. Kh2 Rb1 43. Rb4 Ra1 44. Rb6 Ra2 45. h4 a3 1/2-1/2

[Event "Aeroflot Open B 2017"]
[Site "Moscow RUS"]
[Date "2017.02.21"]
[Round "1.25"]
[White "Kotanjian, Tigran"]
[Black "Kathmale, Sameer"]
[Result "1-0"]
[WhiteTitle "GM"]
[BlackTitle "IM"]
[WhiteElo "2464"]
[BlackElo "2323"]
[WhiteFideId "13301250"]
[BlackFideId "5024498"]
[EventDate "2017.02.21"]

1. d4 Nf6 2. c4 g6 3. Nc3 Bg7 4. Nf3 O-O 5. e4 d6 6. Be2 e5 7. O-O Nc6 8. d5 Ne7
9. Ne1 Nd7 10. Nd3 f5 11. Bd2 Nf6 12. f3 f4 13. c5 g5 14. cxd6 cxd6 15. Nf2 h5
16. Rc1 a6 17. h3 Kh8 18. Qb3 Neg8 19. Rc2 Nh6 20. Rfc1 g4 21. fxg4 hxg4 22.
hxg4 Nfxg4 23. Ncd1 Qh4 24. Qh3 Qxh3 25. Nxh3 Bf6 26. Bb4 Rg8 27. Bxd6 Ne3 28.
Nxe3 Bxh3 29. Kh1 Rg3 30. gxh3 Rxh3+ 31. Kg2 Rxe3 32. Rh1 Rg8+ 33. Kf2 Rg6 34.
Rc8+ Kh7 35. Bc5 Reg3 36. d6 Rg2+ 37. Kf1 f3 38. Bxf3 Rxb2 39. Rc7+ Kg8 40. Bd1
Bd8 41. Ba3 Rb1 42. Ke2 Rg2+ 43. Kd3 Rxa2 44. Bc5 Bg5 45. Bc2 Rxh1 46. Bb3+ Kh8
47. Bxa2 Rd1+ 48. Kc3 b6 49. Ba3 Ng4 50. Be6 Nf2 51. Rc8+ Kg7 52. Rg8+ Kf6 53.
Bd5 Rd3+ 54. Kc2 Rd2+ 55. Kb3 Rd3+ 56. Ka2 Rd2+ 57. Bb2 Nxe4 58. Bxe4 Be3 59.
Rg6+ Kf7 60. Kb3 Bc5 1-0

[Event "Aeroflot Open B 2017"]
[Site "Moscow RUS"]
[Date "2017.02.21"]
[Round "1.28"]
[White "Zakaryan, David"]
[Black "Papin, Vasily"]
[Result "1/2-1/2"]
[WhiteTitle "FM"]
[BlackTitle "GM"]
[WhiteElo "2320"]
[BlackElo "2456"]
[WhiteFideId "24101923"]
[BlackFideId "4143183"]
[EventDate "2017.02.21"]

1. e4 c5 2. Nf3 Nc6 3. Nc3 g6 4. d4 cxd4 5. Nxd4 Bg7 6. Be3 Nf6 7. Bc4 O-O 8. f3
Qb6 9. Qd2 Nxe4 10. fxe4 Bxd4 11. Bxd4 Qxd4 12. Qxd4 Nxd4 13. O-O-O Nc6 14. Nd5
Rb8 15. e5 e6 16. Nf6+ Kg7 17. Rhe1 Nxe5 18. Nh5+ gxh5 19. Rxe5 d5 20. Be2 f5
21. Bxh5 Kf6 22. Rde1 Rg8 23. Bf3 Bd7 24. Kd2 Rbc8 25. h3 Rg3 26. R5e2 b6 27.
Ke3 Rc4 28. Kf2 Rg6 29. g4 fxg4 30. hxg4 Rf4 31. Kg3 Rf5 32. c4 e5 33. cxd5
Rxf3+ 34. Kxf3 Bxg4+ 35. Ke3 Bxe2 36. Rxe2 Rg3+ 37. Ke4 Rg4+ 38. Ke3 h5 39. Rf2+
Rf4 40. Rc2 Rd4 41. Rc6+ Kf5 42. Rh6 Kg5 43. Rd6 h4 44. Rd8 h3 45. d6 Kf5 46.
Rh8 Rxd6 47. Rxh3 Ke6 48. Rh6+ Kd5 49. Rh7 a5 50. Rb7 Rh6 51. Rd7+ Kc6 52. Rd2
Rh4 53. Rc2+ Kd5 54. Rd2+ Rd4 55. Rh2 Ra4 56. Rd2+ Kc5 57. Rc2+ Kd6 58. Rd2+ Kc5
59. Rc2+ Kb5 60. a3 Rh4 1/2-1/2

[Event "Aeroflot Open B 2017"]
[Site "Moscow RUS"]
[Date "2017.02.21"]
[Round "1.36"]
[White "Esenov, Annaberdi"]
[Black "Kozionov, Kirill"]
[Result "0-1"]
[WhiteTitle "FM"]
[BlackTitle "IM"]
[WhiteElo "2302"]
[BlackElo "2439"]
[WhiteFideId "14000644"]
[BlackFideId "24101729"]
[EventDate "2017.02.21"]

1. e4 e5 2. Nf3 Nc6 3. Bb5 g6 4. d3 Bg7 5. c3 d6 6. h3 Ne7 7. O-O a6 8. Ba4 O-O
9. d4 Bd7 10. d5 Nb8 11. Bc2 a5 12. Nbd2 h6 13. g4 Na6 14. a4 Qe8 15. Nc4 b6 16.
Nh4 Nc5 17. Be3 Nxa4 18. Bxa4 b5 19. Bb3 a4 20. Ba2 bxc4 21. Bxc4 f5 22. f3 Qb8
23. Qd2 f4 24. Bf2 Kh7 25. Be2 Qb7 26. Ra2 Rfb8 27. Rfa1 Nc8 28. Ng2 c5 29. Ne1
Bf6 30. Nc2 h5 31. Na3 Kg7 32. c4 Nb6 33. Kg2 Rh8 34. Rg1 Qb8 35. Raa1 Qd8 36.
Rh1 Bh4 37. Bxh4 Qxh4 38. Qe1 Qe7 39. Qf2 Rab8 40. Bd3 Rh6 41. Rh2 hxg4 42. hxg4
Rxh2+ 43. Kxh2 Rh8+ 44. Kg2 Qg5 45. Be2 Qh6 46. Kf1 Bxg4 47. fxg4 Qh1+ 48. Qg1
Qxe4 49. Kf2 Qe3+ 50. Kf1 Qe4 51. Kf2 Qd4+ 52. Kf1 Qxb2 53. Rb1 Qxa3 54. Rxb6
Rh3 55. Rb7+ Kf8 56. Rb8+ Ke7 57. Kf2 Qe3+ 58. Kf1 Qe4 59. Kf2 f3 60. Qb1 Qxe2+ 0-1

[Event "Aeroflot Open B 2017"]
[Site "Moscow RUS"]
[Date "2017.02.21"]
[Round "1.38"]
[White "Danielyan, Vahe"]
[Black "Makhmutov, Rail"]
[Result "0-1"]
[WhiteTitle "FM"]
[BlackTitle "FM"]
[WhiteElo "2282"]
[BlackElo "2437"]
[WhiteFideId "13304828"]
[BlackFideId "4122151"]
[EventDate "2017.02.21"]

1. Nf3 d5 2. g3 Bg4 3. Bg2 Nd7 4. O-O Ngf6 5. d3 c6 6. Nbd2 e5 7. e4 dxe4 8.
dxe4 Be7 9. a4 O-O 10. b3 Re8 11. Qe2 Qc7 12. h3 Bh5 13. g4 Bg6 14. Nh4 Nc5 15.
Nxg6 hxg6 16. Bb2 Ne6 17. Nc4 Nd7 18. Rad1 Rad8 19. a5 b5 20. axb6 axb6 21. Bc3
Bc5 22. h4 Nd4 23. Bxd4 Bxd4 24. Qf3 b5 25. Ne3 Nf8 26. g5 Bxe3 27. fxe3 Ne6 28.
Bh3 Nc5 29. b4 Na4 30. h5 Qe7 31. hxg6 Qxg5+ 32. Qg2 Qxe3+ 33. Kh1 f6 34. Be6+
Kf8 35. Bd7 Qh6+ 36. Kg1 Nb2 37. Rd6 Re7 38. Qg4 Nc4 39. Rd3 Ne3 40. Bxc6 Rb8
41. Rxe3 Qxe3+ 42. Kg2 Rc7 43. Qe6 Qg5+ 44. Kh1 Qh6+ 45. Kg1 Qxg6+ 46. Kf2 Qf7
47. Qd6+ Qe7 48. Qd5 g6 49. c4 bxc4 50. b5 c3 51. Qc4 Qd6 52. Qd5 Qb4 53. Kg3
Kg7 54. Qe6 Rf8 55. Rf2 Qd4 56. Qd5 Rd8 0-1

[Event "Aeroflot Open B 2017"]
[Site "Moscow RUS"]
[Date "2017.02.21"]
[Round "1.42"]
[White "Maltsevskaya, Aleksandra"]
[Black "Fakhrutdinov, Timur"]
[Result "0-1"]
[BlackTitle "FM"]
[WhiteElo "2259"]
[BlackElo "2430"]
[WhiteFideId "24174041"]
[BlackFideId "24176702"]
[EventDate "2017.02.21"]

1. e4 c5 2. Nf3 d6 3. d4 cxd4 4. Nxd4 Nf6 5. Nc3 a6 6. h3 e6 7. g4 Be7 8. g5
Nfd7 9. h4 b5 10. a3 Bb7 11. Be3 Nc6 12. Qd2 Rc8 13. O-O-O Nc5 14. Nxc6 Bxc6 15.
f3 Qa5 16. Kb1 Nd7 17. Bd4 O-O 18. Nd5 Qd8 19. Nxe7+ Qxe7 20. Bc3 Ne5 21. Be2
Rfd8 22. Bb4 Qb7 23. Bxd6 Be8 24. Qe3 Nc4 25. Bxc4 Rxc4 26. h5 a5 27. h6 f5 28.
exf5 exf5 29. Be7 Rd5 30. hxg7 f4 31. Qe6+ Bf7 32. Qf6 Rc6 33. Rxd5 Rxf6 34.
Rd8+ Kxg7 35. gxf6+ Kg6 36. Rg1+ Kf5 37. Rf8 Qd5 38. Re1 Qd2 39. Rg1 Qe3 40. Rf1
Qe6 41. Rd1 h5 42. b3 a4 43. Rd6 Qe1+ 44. Kb2 Qe5+ 45. Kb1 axb3 46. Rc6 bxc2+
47. Rxc2 Qe3 48. Rh8 Qb3+ 49. Kc1 Qxf3 50. Rc5+ Ke4 51. Rc7 Qe3+ 52. Kb1 f3 53.
Bc5 Qb3+ 54. Kc1 Qc3+ 55. Kb1 f2 56. Re7+ Kf3 0-1